| 000 | 00446 a2200133 4500 | ||
|---|---|---|---|
| 001 | 87666 | ||
| 082 | _aPR 43 | ||
| 090 |
_c41125 _d41125 |
||
| 100 | _aArooj Naeem, Plt Off 15475 70(B) EC | ||
| 245 | _aExploring bhattacharyya based size estimation technique for non-rigid objects in video sequences | ||
| 260 |
_aRisalpur _bCAE PAF Academy Risalpur _c2011 |
||
| 300 |
_aix, 40p. _eMuhammad Tayyab Riaz Janjua, Wg Cdr |
||
| 500 | _aBE Project Reports | ||
| 942 |
_aCAE NUST _kPR 43 |
||
| 999 |
_c322739 _d322739 |
||